[Event "31st 4NCL Congress"]
[Site "Harrogate, North Yorkshire, ENG"]
[Date "2024.01.21"]
[Round "4.8"]
[White "Banerjee, Supratit"]
[Black "Bak, Christopher"]
[Result "1-0"]
[WhiteElo "2176"]
[BlackElo "2048"]
[PlyCount "141"]
[EventDate "2024.01.19"]

1. e4 e6 2. d4 d5 3. exd5 exd5 4. Nf3 Nc6 5. Bd3 Nb4 6. Be2 Bf5 7. Na3 Bd6 8.
O-O Ne7 9. c3 Nbc6 10. Nb5 O-O 11. Nxd6 Qxd6 12. b4 Ng6 13. b5 Nce7 14. a4 Rfe8
15. Ba3 Qf6 16. Qd2 Rad8 17. Rfe1 Be4 18. Qg5 Qf5 19. Qxf5 Nxf5 20. g3 Nd6 21.
Nd2 Bc2 22. a5 Re6 23. Bf1 Ne4 24. Nxe4 Bxe4 25. Bh3 Ree8 26. Bc5 b6 27. axb6
axb6 28. Bb4 Nf8 29. Ra7 Bd3 30. Re3 Bxb5 31. Rxc7 Ra8 32. Rxe8 Rxe8 33. Bf1
Bxf1 34. Kxf1 Ne6 35. Rb7 g5 36. h3 h5 37. Rxb6 Kg7 38. Rd6 Rd8 39. Rxd8 Nxd8
40. Ke2 Kf6 41. Kd3 g4 42. h4 Nc6 43. Ba3 Ke6 44. c4 Na5 45. c5 Nc6 46. Ke3 Kf5
47. Bb2 Na5 48. Bc3 Nc6 49. f3 Ne7 50. fxg4+ Kxg4 51. Be1 Nc6 52. Bf2 Ne7 53.
Kd3 Kf3 54. Be1 Nc6 55. Kc3 Ke4 56. g4 hxg4 57. h5 Kf5 58. Bh4 g3 59. Bxg3 Kg5
60. Bf2 Kxh5 61. Kb3 Kg4 62. Ka4 Kf5 63. Kb5 Ne7 64. c6 Ke6 65. Kb6 Kd6 66.
Bg3+ Ke6 67. Kb7 f5 68. Bh4 Nxc6 69. Kxc6 f4 70. Be1 f3 71. Bf2 1-0

[Event "31st 4NCL Congress"]
[Site "Harrogate, North Yorkshire, ENG"]
[Date "2024.01.21"]
[Round "4.9"]
[White "Mesesan, Mircea-Marius"]
[Black "White, Stuart A"]
[Result "0-1"]
[WhiteElo "2026"]
[BlackElo "2152"]
[PlyCount "88"]
[EventDate "2024.01.19"]

1. d4 d5 2. Nf3 Nf6 3. e3 c5 4. b3 Nc6 5. Bd3 Bg4 6. Bb2 cxd4 7. exd4 e6 8. O-O
Bd6 9. h3 Bh5 10. Nbd2 O-O 11. a3 Qc7 12. Qe1 Bf4 13. g3 Bxd2 14. Nxd2 Bg6 15.
Bxg6 hxg6 16. Qe3 Ne7 17. Rac1 Nf5 18. Qd3 Rfc8 19. c4 dxc4 20. Rxc4 Qd7 21.
Rfc1 Rxc4 22. Rxc4 Rd8 23. Nf3 Qd5 24. g4 Ne7 25. Ne5 Nd7 26. Qe3 Nxe5 27. Qxe5
Qxe5 28. dxe5 Nc6 29. b4 Rd5 30. Kf1 Kf8 31. Ke2 Ke8 32. f4 Kd7 33. h4 b5 34.
Re4 a5 35. bxa5 Nxa5 36. Bc3 Nc6 37. a4 Kc7 38. Ke3 Kb6 39. Bb2 b4 40. Rc4 Ra5
41. Ke4 Rxa4 42. Bd4+ Kb7 43. Bc5 b3 44. Rxa4 b2 0-1

[Event "31st 4NCL Congress"]
[Site "Harrogate, North Yorkshire, ENG"]
[Date "2024.01.21"]
[Round "4.10"]
[White "Booth, Steven B"]
[Black "Senior, Gary"]
[Result "0-1"]
[WhiteElo "1908"]
[BlackElo "2142"]
[PlyCount "70"]
[EventDate "2024.01.19"]

1. d4 f5 2. c4 e6 3. Nc3 Nf6 4. Qc2 Bb4 5. e3 Bxc3+ 6. bxc3 b6 7. Bd3 Bb7 8. f3
c5 9. Ne2 Nc6 10. O-O O-O 11. e4 fxe4 12. fxe4 cxd4 13. cxd4 Nb4 14. Qc3 Nxd3
15. Qxd3 Nxe4 16. Ba3 Rxf1+ 17. Rxf1 Qc7 18. d5 exd5 19. cxd5 Qe5 20. Bb2 Qxd5
21. Qxd5+ Bxd5 22. Rd1 Be6 23. Nf4 Rc8 24. h3 Rc2 25. Be5 Rc5 26. Bb2 Rb5 27.
Ba1 Bxa2 28. Kh2 d5 29. Ne6 Nf6 30. Rd2 Bb1 31. Bxf6 gxf6 32. Nc7 Rc5 33. Nxd5
Kf7 34. Nf4 Bf5 35. g4 Rc2 0-1

[Event "31st 4NCL Congress"]
[Site "Harrogate, North Yorkshire, ENG"]
[Date "2024.01.21"]
[Round "4.11"]
[White "Okhai, Shabir"]
[Black "Zhu, Yaoyao"]
[Result "1-0"]
[WhiteElo "2241"]
[BlackElo "2067"]
[PlyCount "43"]
[EventDate "2024.01.19"]

1. e4 e5 2. Nf3 Nc6 3. Bc4 Bc5 4. c3 Nf6 5. d3 a6 6. a4 Ba7 7. O-O d6 8. Re1 h6
9. Nbd2 O-O 10. h3 Be6 11. Bxe6 fxe6 12. b4 Nh5 13. Nf1 Qf6 14. Ra2 Ne7 15. Ne3
Nf4 16. Kh2 Neg6 17. Ng1 Ne7 18. g3 Bxe3 19. Rxe3 d5 20. gxf4 exf4 21. e5 Qf5
22. Re1 1-0

[Event "31st 4NCL Congress"]
[Site "Harrogate, North Yorkshire, ENG"]
[Date "2024.01.21"]
[Round "4.12"]
[White "Shearsby, Jude"]
[Black "Hepworth, Peter"]
[Result "1-0"]
[WhiteElo "2196"]
[BlackElo "2029"]
[PlyCount "69"]
[EventDate "2024.01.19"]

1. e4 e6 2. d4 d5 3. Nc3 Nf6 4. e5 Nfd7 5. f4 c5 6. Nf3 Nc6 7. Be3 a6 8. Ne2 b5
9. c3 Qb6 10. g3 a5 11. Bg2 b4 12. O-O Ba6 13. f5 Be7 14. fxe6 fxe6 15. Rf2 O-O
16. Bh3 Nd8 17. Nf4 Rc8 18. Nxd5 exd5 19. Bxd7 Rc7 20. dxc5 Qb7 21. c6 Nxc6 22.
Qxd5+ Kh8 23. e6 Nb8 24. Qxb7 Bxb7 25. Ne5 Rxf2 26. Bxf2 bxc3 27. bxc3 Rxc3 28.
Rb1 Rc7 29. Bb6 Rc2 30. Ba7 Na6 31. Rxb7 g5 32. Bb5 Nc7 33. Bc4 Bc5+ 34. Bxc5
Nxe6 35. Be7 1-0

[Event "31st 4NCL Congress"]
[Site "Harrogate, North Yorkshire, ENG"]
[Date "2024.01.21"]
[Round "4.13"]
[White "Chan, Sheng Liang Bernard"]
[Black "Doran, Chris"]
[Result "1-0"]
[WhiteElo "2180"]
[BlackElo "2002"]
[PlyCount "64"]
[EventDate "2024.01.19"]

1. d4 Nf6 2. c4 g6 3. Nc3 Bg7 4. e4 d6 5. h3 O-O 6. Be3 e5 7. d5 a5 8. g4 Na6
9. Qd2 Nc5 10. f3 a4 11. Nge2 c6 12. Ng3 cxd5 13. cxd5 Bd7 14. h4 Qa5 15. g5
Ne8 16. h5 f5 17. hxg6 f4 18. gxh7+ Kh8 19. Bxc5 fxg3 20. Be3 Rxf3 21. Be2 g2
22. Bxf3 gxh1=Q+ 23. Bxh1 a3 24. b3 Rc8 25. Na4 Qa6 26. Nb6 Bh3 27. Kf2 Rc7 28.
Bf3 Rf7 29. Kg3 Bf1 30. Bh5 Rf8 31. Nd7 Rf4 32. Bxe8 Bf8 1-0

[Event "31st 4NCL Congress"]
[Site "Harrogate, North Yorkshire, ENG"]
[Date "2024.01.21"]
[Round "4.14"]
[White "Idle, Oscar J"]
[Black "Cast, Julian"]
[Result "1-0"]
[WhiteElo "2125"]
[BlackElo "2024"]
[PlyCount "114"]
[EventDate "2024.01.19"]

1. d4 Nf6 2. c4 e6 3. g3 d5 4. Bg2 Be7 5. Nf3 O-O 6. O-O dxc4 7. Qc2 c5 8. Qxc4
cxd4 9. Nxd4 e5 10. Nb3 Nc6 11. Be3 Be6 12. Qb5 Qc7 13. Nc3 a6 14. Bb6 axb5 15.
Bxc7 b4 16. Ne4 Nxe4 17. Bxe4 Rfc8 18. Bb6 Bc4 19. Bf5 Rf8 20. Rfe1 Ra6 21. Be3
Rfa8 22. Rac1 Bb5 23. Bb1 Rd8 24. Nc5 Ra7 25. Kf1 Nd4 26. Nb3 Raa8 27. Nxd4
exd4 28. Bf4 Bc6 29. Red1 f6 30. Rc4 d3 31. Rxd3 Rdc8 32. Ke1 Kf7 33. Rd1 Re8
34. Be3 Bb5 35. Rcc1 Ra6 36. b3 h5 37. Rd5 Bc6 38. Rxh5 Bd6 39. Rh4 Bb5 40. Rc2
Raa8 41. Rd2 Be5 42. Bd4 Bd6 43. e3 Rac8 44. Bb2 Bf8 45. Rg4 g5 46. h4 Rc5 47.
Bd4 Rc1+ 48. Rd1 Rxd1+ 49. Kxd1 Bc6 50. Ke2 Rc8 51. Bf5 Bb5+ 52. Kd2 Ra8 53.
hxg5 Rxa2+ 54. Bc2 Bd7 55. Rf4 f5 56. Kc1 Bd6 57. Rh4 Ke8 1-0

[Event "31st 4NCL Congress"]
[Site "Harrogate, North Yorkshire, ENG"]
[Date "2024.01.21"]
[Round "4.15"]
[White "Henderson, David"]
[Black "Sasikumar, Srivathsan"]
[Result "1-0"]
[WhiteElo "2115"]
[BlackElo "1852"]
[PlyCount "102"]
[EventDate "2024.01.19"]

1. c4 e6 2. g3 d5 3. Bg2 c6 4. b3 Nf6 5. Bb2 Nbd7 6. Nf3 Be7 7. O-O O-O 8. d4
b6 9. Nbd2 Bb7 10. Re1 Re8 11. Ne5 c5 12. e4 dxe4 13. Nxe4 Nxe4 14. Bxe4 Bxe4
15. Rxe4 Qc7 16. Nxd7 Qxd7 17. dxc5 Qxd1+ 18. Rxd1 Bxc5 19. Re2 Rad8 20. Red2
Be7 21. Rd7 f6 22. Kf1 Kf8 23. Ke2 Rxd7 24. Rxd7 Ra8 25. Bc1 h6 26. h4 g5 27.
hxg5 hxg5 28. Kf3 f5 29. g4 Ke8 30. Rb7 Kd8 31. Be3 Ke8 32. a4 Bf6 33. gxf5
exf5 34. Bc1 Be7 35. Bb2 Bd6 36. Rh7 Bf8 37. Bf6 Rc8 38. Bxg5 a5 39. Rh8 Rc6
40. Kf4 Kf7 41. Rh1 Rd6 42. Kxf5 Rd3 43. f4 Rxb3 44. Rh7+ Kg8 45. Kg6 Rd3 46.
f5 Rd6+ 47. f6 Rc6 48. Rh4 Rd6 49. Re4 Rc6 50. Re8 b5 51. Bh6 Rxc4 1-0

[Event "31st 4NCL Congress"]
[Site "Harrogate, North Yorkshire, ENG"]
[Date "2024.01.21"]
[Round "4.16"]
[White "Garnett, John S"]
[Black "McLean, Robert"]
[Result "0-1"]
[WhiteElo "1949"]
[BlackElo "2068"]
[PlyCount "46"]
[EventDate "2024.01.19"]

1. d4 e6 2. Nf3 d5 3. c4 Nf6 4. Nc3 Bb4 5. a3 Bxc3+ 6. bxc3 Ne4 7. Qc2 c5 8.
cxd5 exd5 9. e3 Bf5 10. Bd3 c4 11. Bxe4 Bxe4 12. Qa4+ Nc6 13. Ne5 O-O 14. Nxc6
bxc6 15. f3 Bd3 16. Qxc6 Qa5 17. Bd2 Rab8 18. e4 dxe4 19. fxe4 Qh5 20. Kf2 Qe2+
21. Kg1 Qxd2 22. h4 Qxc3 23. Kh2 Qxd4 0-1

[Event "31st 4NCL Congress"]
[Site "Harrogate, North Yorkshire, ENG"]
[Date "2024.01.21"]
[Round "4.17"]
[White "Pilley, Jack"]
[Black "Wynarczyk, Raymond"]
[Result "1/2-1/2"]
[WhiteElo "2068"]
[BlackElo "1868"]
[PlyCount "105"]
[EventDate "2024.01.19"]

1. e4 d6 2. d4 Nf6 3. Nc3 Nbd7 4. f4 e5 5. Nf3 exd4 6. Qxd4 c6 7. h3 Qb6 8.
Qxb6 Nxb6 9. Be3 Be6 10. f5 Bc4 11. O-O-O Bxf1 12. Rhxf1 Be7 13. Bf4 Rd8 14.
Rd3 O-O 15. Rfd1 d5 16. e5 Ne4 17. Nxe4 dxe4 18. Rxd8 Rxd8 19. Rxd8+ Bxd8 20.
Ne1 Nd5 21. Bh2 Bg5+ 22. Kd1 Ne3+ 23. Ke2 Nxf5 24. c3 Bc1 25. b3 g5 26. g4 Ne7
27. Bg1 b6 28. Be3 Bxe3 29. Kxe3 Nd5+ 30. Kd4 Nf4 31. c4 Nxh3 32. Kxe4 Nf4 33.
Nf3 Ne6 34. b4 a6 35. Kf5 h6 36. Ke4 Kg7 37. Kf5 c5 38. a3 b5 39. Nd2 cxb4 40.
axb4 bxc4 41. Nxc4 Nd4+ 42. Ke4 Nc6 43. Kf5 Nxb4 44. e6 fxe6+ 45. Kxe6 h5 46.
gxh5 g4 47. Ne3 a5 48. Ke5 a4 49. Kd4 Kh6 50. Nxg4+ Kxh5 51. Ne3 Kg5 52. Kc3
Nc6 53. Nd5 1/2-1/2

[Event "31st 4NCL Congress"]
[Site "Harrogate, North Yorkshire, ENG"]
[Date "2024.01.21"]
[Round "4.18"]
[White "Baer, Bruce L"]
[Black "Kryshtafor, Maksym"]
[Result "1-0"]
[WhiteElo "2090"]
[BlackElo "1836"]
[PlyCount "57"]
[EventDate "2024.01.19"]

1. Nf3 d5 2. g3 c5 3. Bg2 e6 4. d3 Nf6 5. O-O Bd6 6. Nbd2 O-O 7. e4 dxe4 8.
dxe4 Nc6 9. Re1 e5 10. Nc4 Bc7 11. Qxd8 Rxd8 12. Bg5 Be6 13. Bxf6 gxf6 14. Ne3
c4 15. c3 b5 16. Rad1 Bb6 17. Nd5 f5 18. Nxb6 axb6 19. exf5 e4 20. fxe6 fxe6
21. Ng5 Rxa2 22. Bxe4 Rxd1 23. Rxd1 Na5 24. Rd8+ Kg7 25. Rd7+ Kg8 26. Bxh7+ Kh8
27. Nxe6 Nc6 28. Be4 Ne5 29. Rd8# 1-0

[Event "31st 4NCL Congress"]
[Site "Harrogate, North Yorkshire, ENG"]
[Date "2024.01.21"]
[Round "4.19"]
[White "Alldritt, Nigel RE"]
[Black "Hutchinson, Paul A"]
[Result "0-1"]
[WhiteElo "2072"]
[BlackElo "2081"]
[PlyCount "106"]
[EventDate "2024.01.19"]

1. d4 Nf6 2. c4 g6 3. g3 Bg7 4. Bg2 c6 5. e4 d6 6. Nc3 Nbd7 7. Nf3 e5 8. O-O
O-O 9. h3 Qc7 10. Be3 b6 11. Qc2 Bb7 12. Rad1 Rfe8 13. Rfe1 Rad8 14. b4 Ba6 15.
Qb3 Bc8 16. a4 Nf8 17. c5 dxc5 18. dxc5 Ne6 19. cxb6 axb6 20. Qc4 Nd7 21. Ra1
c5 22. Nd5 Qc6 23. Reb1 Bb7 24. b5 Qd6 25. a5 bxa5 26. Rxa5 Bxd5 27. Qxd5 Qxd5
28. exd5 Nd4 29. b6 Ne2+ 30. Kf1 Nc3 31. Rc1 e4 32. Ng5 h6 33. Nxe4 Nxe4 34.
Bxe4 Rxe4 35. b7 Rb4 36. Ra8 Nb8 37. Rxc5 Rxb7 38. Bf4 Kh7 39. Rc7 Rb1+ 40. Kg2
g5 41. Be3 Nc6 42. Ra6 Nb4 43. Raa7 Nxd5 44. Rxf7 Nxe3+ 45. Kf3 Nf5 46. Rxf5
Rbb8 47. Rff7 Rf8 48. h4 Kg6 49. Rxf8 Rxf8+ 50. Kg2 Rxf2+ 51. Kxf2 Bd4+ 52. Kg2
Bxa7 53. g4 Kf6 0-1

[Event "31st 4NCL Congress"]
[Site "Harrogate, North Yorkshire, ENG"]
[Date "2024.01.21"]
[Round "4.20"]
[White "Skettos, Nicolas"]
[Black "Latypova, Olga L"]
[Result "1-0"]
[WhiteElo "2044"]
[BlackElo "1917"]
[PlyCount "155"]
[EventDate "2024.01.19"]

1. e4 e5 2. Nc3 Nf6 3. d4 exd4 4. Qxd4 Nc6 5. Qd3 Bc5 6. Bf4 d6 7. O-O-O Be6 8.
Kb1 Qd7 9. Qe2 Ng4 10. Bg3 f6 11. h3 Nge5 12. f4 Nc4 13. Nd5 Nb6 14. Nf3 O-O
15. c3 a5 16. Qc2 a4 17. Bd3 h6 18. Rhf1 Qf7 19. c4 Nb4 20. Qc3 Nxd3 21. Qxd3
c6 22. Nxb6 Bxb6 23. Rc1 Bc5 24. f5 Bc8 25. Bf2 Re8 26. Bxc5 dxc5 27. Rfe1 Qc7
28. Nh4 Rd8 29. Qe3 b6 30. Ng6 Rd4 31. g4 Ba6 32. e5 fxe5 33. Nxe5 Re8 34. b3
a3 35. Rc3 Qd6 36. Rcc1 Rd2 37. Rc2 Rd1+ 38. Rxd1 Qxd1+ 39. Rc1 Qd6 40. Re1 b5
41. cxb5 cxb5 42. Kc2 Qd5 43. Re2 b4 44. Re1 Bb5 45. h4 Qg2+ 46. Qd2 Qxd2+ 47.
Kxd2 Rd8+ 48. Ke3 Rd4 49. Rc1 Rd5 50. Nf3 Rd3+ 51. Ke4 Rc3 52. Rxc3 bxc3 53.
Ne1 Be2 54. g5 hxg5 55. hxg5 Bd1 56. Kd3 Kf7 57. Kxc3 Bg4 58. f6 gxf6 59. gxf6
Be6 60. Nc2 Kxf6 61. Nxa3 Ke7 62. Nc4 Kd7 63. a4 Kc7 64. Kd3 Bd5 65. Ke3 Kb7
66. Kf4 Bg8 67. Ke5 Kc7 68. Nd2 Kc6 69. Nc4 Kc7 70. a5 Kc6 71. Kf6 Bd5 72. Ke7
Kb5 73. Kd6 Bxc4 74. bxc4+ Kxc4 75. a6 Kd4 76. a7 c4 77. a8=Q c3 78. Qa1 1-0

[Event "31st 4NCL Congress"]
[Site "Harrogate, North Yorkshire, ENG"]
[Date "2024.01.21"]
[Round "4.21"]
[White "Sheppard, Derek A"]
[Black "Nicholson, Jim WR"]
[Result "0-1"]
[WhiteElo "1703"]
[BlackElo "2063"]
[PlyCount "118"]
[EventDate "2024.01.19"]

1. d4 d5 2. Nf3 c6 3. e3 Nf6 4. c4 a6 5. Nc3 Bf5 6. Bd3 Bxd3 7. Qxd3 e6 8. O-O
Nbd7 9. e4 dxe4 10. Nxe4 Nxe4 11. Qxe4 Nf6 12. Qe2 Be7 13. b3 O-O 14. Bb2 Qa5
15. a3 Rfd8 16. Rfd1 Rac8 17. Rac1 Qh5 18. Qe5 Bd6 19. Qxh5 Nxh5 20. g3 Nf6 21.
Kg2 Bb8 22. b4 b5 23. Nd2 Ba7 24. Nf3 Ne4 25. c5 Bb8 26. Ne1 Rd7 27. Kf3 Nf6
28. Ke2 Rcd8 29. Nf3 Rd5 30. Ra1 R5d7 31. Re1 Nd5 32. Nd2 Ra7 33. Nb3 Bc7 34.
Rec1 f6 35. f4 Re8 36. Kd3 Kf7 37. Rf1 Bd8 38. h3 h5 39. Bc3 Bc7 40. Rae1 h4
41. Bd2 hxg3 42. Rf3 Rh8 43. Rg1 Rxh3 44. Rgxg3 Rxg3 45. Rxg3 Bxf4 46. Bxf4
Nxf4+ 47. Ke4 Nd5 48. Na5 Ne7 49. Rh3 Ra8 50. Nb7 Kg8 51. Rh2 Rb8 52. Na5 g5
53. Rh5 Kg7 54. Rh2 Kg6 55. Rh1 Rc8 56. Nb7 Nd5 57. Na5 Nf4 58. Rh2 Nh5 59. Rh1
Ng3+ 0-1

[Event "31st 4NCL Congress"]
[Site "Harrogate, North Yorkshire, ENG"]
[Date "2024.01.21"]
[Round "4.22"]
[White "Brencher, Paul"]
[Black "Pitel, Benedikt"]
[Result "1-0"]
[WhiteElo "2009"]
[BlackElo "1872"]
[PlyCount "125"]
[EventDate "2024.01.19"]

1. d4 d5 2. Nc3 Nf6 3. Bf4 Bf5 4. Nf3 e6 5. e3 c6 6. Ne5 Nbd7 7. a3 Nxe5 8.
Bxe5 Bd6 9. Bxd6 Qxd6 10. Bd3 Bxd3 11. Qxd3 O-O 12. f4 c5 13. O-O Rac8 14. Ne2
Ne4 15. dxc5 Qxc5 16. c3 Nd6 17. Nd4 Qb6 18. Rf2 Nc4 19. Qe2 Rfe8 20. e4 Red8
21. e5 a6 22. Raf1 Qc7 23. Rf3 Kh8 24. Rh3 h6 25. g4 Rg8 26. g5 Qe7 27. Kh1 Kh7
28. Rg1 g6 29. Rxh6+ Kg7 30. Rg3 Rh8 31. Rgh3 Rxh6 32. Rxh6 Rh8 33. Rxh8 Kxh8
34. h4 Qf8 35. h5 gxh5 36. Qxh5+ Kg7 37. g6 Qg8 38. gxf7 Qxf7 39. Qg4+ Kh8 40.
Qh3+ Kg8 41. Nxe6 Nxb2 42. Ng5 Qe7 43. Qg2 Nc4 44. Qxd5+ Kh8 45. Qxc4 Qd7 46.
Qd4 Qc6+ 47. Kh2 Qh6+ 48. Kg2 Qc6+ 49. Qe4 Qd7 50. Qh7+ Qxh7 51. Nxh7 Kxh7 52.
Kf3 Kg6 53. Ke4 Kf7 54. Kd5 Ke7 55. f5 Kd7 56. e6+ Ke7 57. Ke5 a5 58. f6+ Kd8
59. Kd6 b5 60. e7+ Kc8 61. e8=Q+ Kb7 62. Qc6+ Kb8 63. f7 1-0

[Event "31st 4NCL Congress"]
[Site "Harrogate, North Yorkshire, ENG"]
[Date "2024.01.21"]
[Round "4.23"]
[White "Patel, Keatan"]
[Black "Flynn, David"]
[Result "0-1"]
[WhiteElo "1950"]
[BlackElo "1907"]
[PlyCount "48"]
[EventDate "2024.01.19"]

1. d4 Nf6 2. c4 c5 3. d5 b5 4. cxb5 a6 5. bxa6 Bxa6 6. Nc3 d6 7. e4 g6 8. Nf3
Bxf1 9. Kxf1 Bg7 10. g3 O-O 11. Kg2 Qb6 12. a4 Na6 13. Qe2 Rfb8 14. Nb5 Nc7 15.
Nxc7 Qxc7 16. Ra3 Rb4 17. b3 Rxe4 18. Qd3 Rb4 19. Bd2 Rb6 20. Bc3 Qb7 21. Bxf6
Bxf6 22. Rb1 Rb4 23. Nd2 Rd4 24. Qf3 Rxd2 0-1

[Event "31st 4NCL Congress"]
[Site "Harrogate, North Yorkshire, ENG"]
[Date "2024.01.21"]
[Round "4.24"]
[White "Ganti, Shriaansh"]
[Black "Lampard, Alice"]
[Result "1/2-1/2"]
[WhiteElo "1854"]
[BlackElo "1963"]
[PlyCount "70"]
[EventDate "2024.01.19"]

1. e4 c5 2. Nc3 Nc6 3. Bb5 Nd4 4. Nf3 Nxb5 5. Nxb5 Nf6 6. Nc3 d6 7. d4 Bg4 8.
dxc5 dxc5 9. Qe2 Bxf3 10. Qxf3 e5 11. Bg5 Be7 12. Bxf6 Bxf6 13. Nd5 O-O 14.
Nxf6+ Qxf6 15. Qxf6 gxf6 16. O-O-O Rfd8 17. c3 Kf8 18. Rxd8+ Rxd8 19. Rd1 Rxd1+
20. Kxd1 Ke7 21. Kc2 Ke6 22. g4 Kd6 23. Kb3 Kc6 24. Ka4 b6 25. c4 a6 26. a3 Kd6
27. Kb3 Kc6 28. a4 a5 29. Kc3 Kd7 30. Kd3 Ke7 31. b3 Kf8 32. Ke3 Kg7 33. Kf3
Kg6 34. Kg3 Kg5 35. f3 Kh6 1/2-1/2

[Event "31st 4NCL Congress"]
[Site "Harrogate, North Yorkshire, ENG"]
[Date "2024.01.21"]
[Round "5.1"]
[White "Burnett, Andrew"]
[Black "Fava, Lorenzo"]
[Result "1/2-1/2"]
[WhiteElo "2244"]
[BlackElo "2245"]
[PlyCount "117"]
[EventDate "2024.01.19"]

1. e4 c6 2. d4 d5 3. Nd2 dxe4 4. Nxe4 Nf6 5. Nxf6+ exf6 6. c3 Bd6 7. Bd3 O-O 8.
Qf3 c5 9. dxc5 Bxc5 10. Bxh7+ Kxh7 11. Qh5+ Kg8 12. Qxc5 Na6 13. Qh5 g6 14. Qd1
Nc5 15. Qxd8 Rxd8 16. Be3 Nd3+ 17. Ke2 Nxb2 18. f3 Re8 19. Kf2 Nd3+ 20. Ke2
Nf4+ 21. Kf2 Nxg2 22. Bd4 Nf4 23. Bxf6 Bf5 24. Bd4 Re6 25. Kg3 Nh5+ 26. Kf2
Rae8 27. a4 Bd3 28. h4 Nf4 29. Kg3 Nh5+ 30. Kf2 b6 31. Rh2 Ng7 32. Bxg7 Kxg7
33. a5 Rc8 34. axb6 axb6 35. Ra3 Rec6 36. f4 Rxc3 37. Rxc3 Rxc3 38. Ke3 Bf5+
39. Kd4 Rd3+ 40. Kc4 Rg3 41. Ne2 Bd3+ 42. Kd4 Bxe2 43. Rxe2 Rf3 44. Ke4 Rb3 45.
Rh2 Kh6 46. Rd2 Kh5 47. f5 Kxh4 48. Rd7 Rb4+ 49. Ke3 gxf5 50. Rxf7 Kg3 51. Rxf5
Kg4 52. Rf8 Rc4 53. Rb8 Rc6 54. Kd4 Kf5 55. Kd5 Rc5+ 56. Kd6 Rb5 57. Kc6 Rb4
58. Rxb6 Rxb6+ 59. Kxb6 1/2-1/2

[Event "31st 4NCL Congress"]
[Site "Harrogate, North Yorkshire, ENG"]
[Date "2024.01.21"]
[Round "5.2"]
[White "White, Stuart A"]
[Black "Sarakauskas, Gediminas"]
[Result "1/2-1/2"]
[WhiteElo "2152"]
[BlackElo "2464"]
[PlyCount "56"]
[EventDate "2024.01.19"]

1. c4 Nf6 2. g3 e6 3. Bg2 d5 4. Nf3 dxc4 5. Qa4+ Nbd7 6. Qxc4 c5 7. d3 a6 8.
Qb3 Bd6 9. a4 O-O 10. O-O Rb8 11. a5 b5 12. axb6 Nxb6 13. Nfd2 Nfd5 14. Nc3 Be5
15. Nce4 Nd7 16. Qa3 Nb4 17. Qa4 f5 18. Nc3 Qf6 19. Nc4 Bxc3 20. bxc3 Qxc3 21.
Bb2 Qc2 22. Qxc2 Nxc2 23. Ra5 Nd4 24. e3 Nb5 25. Rc1 Nc7 26. Ba3 Nb5 27. Bb2
Nc7 28. Ba3 Nb5 1/2-1/2

[Event "31st 4NCL Congress"]
[Site "Harrogate, North Yorkshire, ENG"]
[Date "2024.01.21"]
[Round "5.3"]
[White "Arkell, Keith C"]
[Black "Denderski, Piotr"]
[Result "1/2-1/2"]
[WhiteElo "2424"]
[BlackElo "2210"]
[PlyCount "103"]
[EventDate "2024.01.19"]

1. d4 Nf6 2. Nf3 e6 3. c4 c5 4. d5 exd5 5. cxd5 d6 6. Nc3 g6 7. Nd2 Nbd7 8. e4
a6 9. a4 Qe7 10. Be2 Bg7 11. O-O O-O 12. h3 Ne8 13. Re1 g5 14. Nc4 Bd4 15. Be3
Bxe3 16. Nxe3 Ne5 17. a5 f5 18. exf5 Bxf5 19. Nxf5 Rxf5 20. Bg4 Rf4 21. Be6+
Kh8 22. Ne4 Ng7 23. Nxc5 dxc5 24. Rxe5 Rxf2 25. Re2 Rxe2 26. Qxe2 Rf8 27. Re1
Qd6 28. Qe3 Nxe6 29. Qxe6 Qxe6 30. Rxe6 Kg7 31. Kh2 Rf7 32. Kg3 Rd7 33. Rb6 c4
34. d6 Kg6 35. h4 gxh4+ 36. Kxh4 h5 37. g3 Kh6 38. Rb4 Rxd6 39. Rxb7 Rd4+ 40.
Kh3 Rd2 41. Rb4 Rc2 42. Rb8 Kg6 43. Rc8 Kg5 44. Rc7 Kg6 45. Rc5 Kh6 46. g4
hxg4+ 47. Kxg4 Kg6 48. Kf4 Kf6 49. Ke4 Ke6 50. Rc6+ Kd7 51. Rb6 c3 52. bxc3
1/2-1/2

[Event "31st 4NCL Congress"]
[Site "Harrogate, North Yorkshire, ENG"]
[Date "2024.01.21"]
[Round "5.4"]
[White "Senior, Gary"]
[Black "Wells, Peter K"]
[Result "0-1"]
[WhiteElo "2142"]
[BlackElo "2347"]
[PlyCount "46"]
[EventDate "2024.01.19"]

1. e4 c5 2. Nf3 Nc6 3. Bb5 g6 4. Bxc6 bxc6 5. O-O Bg7 6. Re1 Qc7 7. Qe2 e5 8.
c3 Ne7 9. d3 d6 10. h3 O-O 11. Na3 f5 12. Nc2 h6 13. b4 cxb4 14. cxb4 a5 15. a3
Ba6 16. Qd2 g5 17. exf5 Rxf5 18. Nh2 Ng6 19. Ne3 Rf7 20. g3 Raf8 21. Nd1 Qd7
22. g4 Nf4 23. Re3 e4 0-1

[Event "31st 4NCL Congress"]
[Site "Harrogate, North Yorkshire, ENG"]
[Date "2024.01.21"]
[Round "5.5"]
[White "Badacsonyi, Frankie"]
[Black "Townsend, M Paul"]
[Result "0-1"]
[WhiteElo "2201"]
[BlackElo "2264"]
[PlyCount "62"]
[EventDate "2024.01.19"]

1. d4 e6 2. c4 Nf6 3. Nf3 d5 4. g3 Be7 5. Bg2 O-O 6. O-O c6 7. Nc3 b6 8. Ne5
Bb7 9. e4 dxc4 10. Nxc4 b5 11. Ne3 Nbd7 12. e5 Nd5 13. Nexd5 cxd5 14. Be3 b4
15. Ne2 Ba6 16. f4 Qb6 17. Rf2 f5 18. exf6 Nxf6 19. h3 Ne4 20. Bxe4 dxe4 21.
Nc1 e5 22. Qb3+ Kh8 23. dxe5 Bc5 24. Bxc5 Qxc5 25. Qc2 Qb6 26. Qxe4 Rad8 27.
Nb3 Rd3 28. Qg2 Bb7 29. Qh2 Rfd8 30. Raf1 Rd1 31. g4 Qe3 0-1

[Event "31st 4NCL Congress"]
[Site "Harrogate, North Yorkshire, ENG"]
[Date "2024.01.21"]
[Round "5.7"]
[White "Jackson, Edward"]
[Black "Henderson, David"]
[Result "0-1"]
[WhiteElo "2286"]
[BlackElo "2115"]
[PlyCount "78"]
[EventDate "2024.01.19"]

1. e4 e5 2. Nf3 Nc6 3. Bb5 a6 4. Ba4 Nf6 5. O-O Be7 6. Re1 b5 7. Bb3 d6 8. a4
Rb8 9. c3 O-O 10. h3 b4 11. d4 bxc3 12. bxc3 exd4 13. cxd4 d5 14. exd5 Nxd5 15.
Ne5 Nxe5 16. dxe5 Be6 17. Qf3 c6 18. Bc2 Nb4 19. Be4 f5 20. exf6 Rxf6 21. Qh5
g6 22. Qe2 Bc5 23. Be3 Bxe3 24. Qxe3 Nd5 25. Bxd5 Bxd5 26. Nc3 Rb2 27. f3 Re6
28. Qd4 Rxg2+ 29. Kf1 Rd2 30. Qf4 Rf6 31. Nxd5 Rxf4 32. Nxf4 Qh4 33. Ne2 Qxh3+
34. Kf2 Qh2+ 35. Ke3 Rd5 36. Rab1 Re5+ 37. Kd3 Qf2 38. Rb8+ Kf7 39. Rb7+ Kf6
0-1

[Event "31st 4NCL Congress"]
[Site "Harrogate, North Yorkshire, ENG"]
[Date "2024.01.21"]
[Round "5.8"]
[White "Chan, Sheng Liang Bernard"]
[Black "Pal, Rohan"]
[Result "1/2-1/2"]
[WhiteElo "2180"]
[BlackElo "2111"]
[PlyCount "119"]
[EventDate "2024.01.19"]

1. d4 Nf6 2. c4 Nc6 3. Nf3 e6 4. e3 Bb4+ 5. Bd2 Bxd2+ 6. Nbxd2 d6 7. Bd3 e5 8.
d5 Ne7 9. h3 c6 10. dxc6 bxc6 11. O-O Ng6 12. Qc2 Qe7 13. Rfd1 O-O 14. Bxg6
hxg6 15. Qc3 Re8 16. e4 c5 17. Nh2 Nh5 18. Ndf1 Bb7 19. Re1 Nf4 20. Rad1 f6 21.
Ng3 Kf7 22. Ne2 g5 23. Nxf4 gxf4 24. Qd3 Rad8 25. Kf1 Bc6 26. Rd2 Qb7 27. Qe2
g6 28. f3 f5 29. Qd3 Kf6 30. Kf2 Qh7 31. Ke2 Qh5 32. Kd1 Bxe4 33. Qa3 Re7 34.
g4 fxg3 35. Ng4+ fxg4 36. hxg4 Qh3 37. g5+ Kg7 38. fxe4 Qg4+ 39. Kc1 Qxg5 40.
Rg1 Qf4 41. Qd3 Rf7 42. Rxg3 Qf1+ 43. Kc2 Qxd3+ 44. Rgxd3 Rfd7 45. Rg3 Rf7 46.
Rgd3 Rfd7 47. a3 Kf6 48. Rf3+ Ke6 49. b4 cxb4 50. axb4 Rf7 51. Rg3 Rf6 52. Kc3
Rdf8 53. Rdd3 Rh8 54. c5 dxc5 55. bxc5 Ke7 56. Kc4 Rc8 57. Rg5 Re6 58. Rdg3
Rcc6 59. Kd5 a6 60. Rb3 1/2-1/2

[Event "31st 4NCL Congress"]
[Site "Harrogate, North Yorkshire, ENG"]
[Date "2024.01.21"]
[Round "5.9"]
[White "McLean, Robert"]
[Black "Idle, Oscar J"]
[Result "1-0"]
[WhiteElo "2068"]
[BlackElo "2125"]
[PlyCount "111"]
[EventDate "2024.01.19"]

1. e4 e5 2. Nf3 Nc6 3. Bc4 Nf6 4. d3 Bc5 5. c3 a6 6. O-O d6 7. a4 Ba7 8. Re1
O-O 9. h3 Ne7 10. Nbd2 Ng6 11. Nf1 h6 12. b4 Re8 13. Ra2 Be6 14. Bxe6 Rxe6 15.
Be3 d5 16. Bxa7 Rxa7 17. Ng3 c6 18. Rd2 a5 19. d4 axb4 20. cxb4 exd4 21. Rxd4
Qe8 22. a5 Ra8 23. exd5 Rxe1+ 24. Qxe1 Nxd5 25. Qxe8+ Rxe8 26. Ne4 Ngf4 27. Kf1
Ne6 28. Rc4 Rd8 29. g3 Ndc7 30. Ke2 Na6 31. Nc3 Nec7 32. Ne1 Nd5 33. Nxd5 Rxd5
34. Nd3 Kf8 35. Ke3 Rb5 36. h4 h5 37. Rd4 Nc7 38. Nf4 g6 39. Kd3 Ke7 40. Kc4
Na6 41. Nd3 Nc7 42. Nc5 Na6 43. Rd7+ Ke8 44. Rxb7 Rxb7 45. Nxb7 Ke7 46. Nc5 Nc7
47. a6 Nb5 48. Ne4 Kd7 49. Kc5 Kc7 50. Ng5 f6 51. Ne6+ Kd7 52. Nd4 Na7 53. Kb6
Nc8+ 54. Kb7 Nd6+ 55. Kb8 c5 56. bxc5 1-0